000 00594nam a22001937a 4500
005 20150615154637.0
010 _aENG-112998
020 _a9788170546061
_c300.00
035 _aEN-96530
037 _bDBAD/PUB
082 _a338.954
100 _aSingh, Neelu
245 _aIndian economy :
_breforms & performance /
_cby Neelu Singh
260 _aNew Delhi
_bClassical Publishing
_c2012
270 _a28- Shopping Centre, Karampura
_bNew Delhi
_e110015
300 _axii,128p.
_c22cm(Hb)
500 _aIncludes bibliographical references
942 _2ddc
_cEN
_mSIN
_h338.954
999 _c93480
_d93480